000 00857nam a2200289Ia 4500
001 A2125
003 IT-RoPAU
008 130308s9999 xx 000 0 und d
040 _aIT-RoPAU
040 _cIT-RoPAU
041 _aFRANCESE
100 _aZallo Ramon
100 _gCodice Aut. SPICS: 32281
245 _aLogique politique, logique economique: de nouvelles frontieres
245 _bMedias et Communication En Europe
250 _a1a ed.
260 _aGRENOBLE
260 _bPresses Universitaires
260 _c1990 [1° Ed.:1990 - Ed.Ling.Originale:1990]
300 _a"5 p. (prefazione: no ; testo: 5 [pagine: 133-137])"
500 _aLogica Politica e Logica Economica. nuove Frontiere.
650 _aPOLITICA DELLA COMUNICAZIONE SOCIALE
650 _eCodice materia Spics: 3803
942 _cBK
957 _71
999 _c79783
_d79783
999 _g1